La femme de trente ans ; La grande Bretèche / (Record no. 181998)

MARC details
000 -LEADER
campo de control de longitud fija 01200nam a2200289 i 4500
001 - NÚMERO DE CONTROL
campo de control 181998
003 - IDENTIFICADOR DE NÚMERO DE CONTROL
campo de control ES-MaACL
005 - FECHA Y HORA DE LA ÚLTIMA TRANSACCIÓN
campo de control 20250708063342.0
008 - DATOS DE LONGITUD FIJA--INFORMACIÓN GENERAL
campo de control de longitud fija 130523q1852 fr |||| | fre d
080 ## - NÚMERO DE LA CLASIFICACIÓN DECIMAL UNIVERSAL
Número de la Clasificación Decimal Universal 821.133.1-31"18"
100 1# - ENTRADA PRINCIPAL--NOMBRE DE PERSONA
Nombre de persona Balzac, Honoré de,
Fechas asociadas al nombre 1799-1850
Término indicativo de función/relación Autor
9 (RLIN) 25139
245 13 - MENCIÓN DEL TÍTULO
Título La femme de trente ans ; La grande Bretèche /
Mención de responsabilidad, etc. Honoré de Balzac ; dessins par Tony Johannot, Staal, Bertall... [et al.].
260 ## - PUBLICACIÓN, DISTRIBUCIÓN, ETC.
Lugar de publicación, distribución, etc. [S.l. :
Nombre del editor, distribuidor, etc. s.n.,
Fecha de publicación, distribución, etc. ca. 1852]
Fabricante (H. Didot)
300 ## - DESCRIPCIÓN FÍSICA
Extensión 48 páginas :
Otras características físicas ilustraciones ;
Dimensiones 30 cm.
490 1# - MENCIÓN DE SERIE
Mención de serie Oeuvres illustrées de Balzac
594 ## - Nota al título y mención de responsabilidad
Nota al título y mención de responsabilidad Título y autor tomado de principio del texto
650 #7 - PUNTO DE ACCESO ADICIONAL DE MATERIA--TÉRMINO DE MATERIA
Término de materia o nombre geográfico como elemento de entrada Novelas
9 (RLIN) 233904
Fuente del encabezamiento o término embne
700 1# - ENTRADA AGREGADA--NOMBRE PERSONAL
Nombre de persona Johannot, Tony,
Fechas asociadas al nombre 1803-1852
9 (RLIN) 128329
Término indicativo de función/relación Ilustrador
700 1# - ENTRADA AGREGADA--NOMBRE PERSONAL
Nombre de persona Staal, Gustave,
Fechas asociadas al nombre 1817-1882
9 (RLIN) 132875
Término indicativo de función/relación Ilustrador
700 0# - ENTRADA AGREGADA--NOMBRE PERSONAL
Nombre de persona Bertall,
Fechas asociadas al nombre 1820-1882
9 (RLIN) 152766
Término indicativo de función/relación Ilustrador
740 32 - ENTRADA AGREGADA--TÍTULO RELACIONADO/ANALÍTICO NO CONTROLADO
Título relacionado o analítico no controlado La grande Bretèche.
830 #0 - PUNTO DE ACCESO ADICIONAL DE SERIE-TÍTULO UNIFORME
Título uniforme Oeuvres illustrées de Balzac
9 (RLIN) 191710
852 ## - LOCALIZACIÓN
Ubicación ES-MaACL
Ubicación en estantería Depósito
Partes que faltan Ejemplar falto de portada
Anotaciones manuscritas Firma manuscrita de Goyeneche y Eugenio Agüera
Donativo/Legado Legado Goyeneche
Número de control de estantería R-1710(1)
Encuadernación Enc. en un vol. facticio
942 ## - ELEMENTOS DE ENTRADA SECUNDARIOS (KOHA)
Fuente del sistema de clasificación o colocación Clasificación decimal universal
Tipo de ítem Koha Libro impreso antiguo
Suprimir en OPAC No
Holdings
Estatus retirado Estado de pérdida Fuente del sistema de clasificación o colocación Estado de daño No para préstamo Colección Biblioteca de origen Biblioteca actual Ubicación en estantería Fecha de adquisición Fuente de adquisición Total de préstamos Signatura topográfica completa Código de barras Visto por última vez Tipo de ítem Koha
    Clasificación decimal universal     Libros del s. XIX Biblioteca del Ateneo de Madrid Biblioteca del Ateneo de Madrid Depósito 23/05/2013 Legado   R-1710(1) 1191261 23/02/2023 Libro impreso antiguo